NHL Hockey Teams by Jersey Logo - Statistics

General Stats
  • This quiz has been taken 1,094 times
  • The average score is 27 of 32
Answer Stats
Picture Answer % Correct
Dallas Stars
98%
Detroit Red Wings
94%
Seattle Kraken
94%
Boston Bruins
93%
New Jersey Devils
93%
Toronto Maple Leafs
93%
Anaheim Ducks
92%
Colorado Avalanche
92%
Minnesota Wild
91%
Pittsburgh Penguins
89%
San Jose Sharks
89%
Vegas Golden Knights
89%
Montreal Canadiens
88%
Ottawa Senators
88%
Philadelphia Flyers
86%
Chicago Blackhawks
85%
New York Rangers
85%
Nashville Predators
84%
St.Louis Blues
84%
Tampa Bay Lightning
84%
Arizona Coyotes
82%
Edmonton Oilers
82%
Los Angeles Kings
82%
Winnipeg Jets
82%
Vancouver Canucks
81%
Washington Capitals
80%
Buffalo Sabres
78%
Florida Panthers
72%
Carolina Hurricanes
69%
New York Islanders
68%
Calgary Flames
67%
Columbus Blue Jackets
65%
No matching quizzes found
Score Distribution
Percent of People with Each Score
Percentile by Number Answered
Your Score History
You have not taken this quiz